| 000 | 00616nam a22001697a 4500 | ||
|---|---|---|---|
| 003 | MACL | ||
| 005 | 20150716131536.0 | ||
| 008 | 150716b xxu||||| |||| 00| 0 eng d | ||
| 040 | _cMACL | ||
| 041 | _aHindi | ||
| 082 | _a741.642 | ||
| 100 |
_4304/3 _aचटर्जी, सत्य प्रसाद _92307 |
||
| 245 | _aडाक टिकट की कहानी/चिडियाघर में/Books Forever | ||
| 260 |
_aनई दिल्ली _bनेशनल बुक ट्रस्ट _c 2004 |
||
| 650 |
_aचिल्ड्रन बुक्स _9343 |
||
| 942 |
_2ddc _cHIN |
||
| 999 |
_c50159 _d50159 |
||